GETS Theological Seminary Library

與新約作者同讀舊約: (Record no. 13497)

MARC details
000 -LEADER
fixed length control field 00996nam a2200241Ia 4500
008 - FIXED-LENGTH DATA ELEMENTS--GENERAL INFORMATION
fixed length control field 200819s9999||||xx |||||||||||||| ||und||
020 ## - INTERNATIONAL STANDARD BOOK NUMBER
International Standard Book Number 9622089283
020 ## - INTERNATIONAL STANDARD BOOK NUMBER
International Standard Book Number 9789622089280
041 ## - LANGUAGE CODE
Language code of text/sound track or separate title chi
Language code of original eng
050 ## - LIBRARY OF CONGRESS CALL NUMBER
Classification number BS2387
Item number .B4312 2016
100 ## - MAIN ENTRY--PERSONAL NAME
Personal name Beale, G.K. 
245 #0 - TITLE STATEMENT
Title 與新約作者同讀舊約:
Remainder of title 實踐篇 = Handbook on the New Testament use of the Old Testament: exegesis and interpretation /
Statement of responsibility, etc. 畢爾 (G.K. Beale) 著; 聶錦勳譯
246 ## - VARYING FORM OF TITLE
Title proper/short title 与新约作者同读旧约 :
Remainder of title 实践篇
260 ## - PUBLICATION, DISTRIBUTION, ETC.
Place of publication, distribution, etc. 香港 :
Name of publisher, distributor, etc. 天道書樓,
Date of publication, distribution, etc. 2016
300 ## - PHYSICAL DESCRIPTION
Extent 306 p.
Other physical details ;
Dimensions 23 cm.
500 ## - GENERAL NOTE
General note Translation of: Handbook on the New Testament use of the Old Testament : exegesis and interpretation / G.K. Beale ; Grand Rapids, MI : Baker Academic, ©2012.
650 ## - SUBJECT ADDED ENTRY--TOPICAL TERM
Topical term or geographic name entry element Bible Hermeneutics.
650 ## - SUBJECT ADDED ENTRY--TOPICAL TERM
Topical term or geographic name entry element Bible. New Testament Relation to the Old Testament.
650 ## - SUBJECT ADDED ENTRY--TOPICAL TERM
Topical term or geographic name entry element Bible. Old Testament Quotations in the New Testament.
700 ## - ADDED ENTRY--PERSONAL NAME
Personal name 畢爾
700 ## - ADDED ENTRY--PERSONAL NAME
Personal name 聶錦勳
Holdings
Withdrawn status Lost status Damaged status Not for loan Home library Current library Shelving location Date acquired Total Checkouts Total Renewals Full call number Barcode Date last seen Date last checked out Price effective from Koha item type
        GETS Theological Seminary Library GETS Theological Seminary Library General Stacks 08/19/2020 1 2 BS2387 .B4312 2016 00003423 03/09/2023 11/30/2022 08/19/2020 Chinese Book
OpacCredits

Contact the Librarian, GETS Library
Email: library@mygets.org









Implemented by GETS Library
(Powered by ETCA Professional Group)
GETS Theological Seminary
412 E. Rowland Street, CA 91723